Video Games by Picture - Statistics

General Stats
  • This quiz has been taken 147 times
  • The average score is 7 of 12
Answer Stats
Picture Answer % Correct
GTA San Andreas
83%
CS:GO
74%
Garry's Mod
73%
Red Dead Redemption 2
65%
Halo
63%
Skyrim
59%
Half-Life 2
53%
Team Fortress 2
49%
Dying Light
44%
Alien: Isolation
43%
Factorio
37%
Red Dead Revolver
29%
No matching quizzes found
Score Distribution
Percent of People with Each Score
Percentile by Number Answered
Your Score History
You have not taken this quiz